|
|
|
|
| LEADER |
00000nam0a2200000 4500 |
| 001 |
274873 |
| 005 |
20231101234754.0 |
| 020 |
|
|
|a RU
|b 85-83116
|
| 035 |
|
|
|a (RuTPU)RU\TPU\book\298102
|
| 090 |
|
|
|a 274873
|
| 100 |
|
|
|a 20141110d1985 k y0rusy5003 ca
|
| 101 |
0 |
|
|a rus
|
| 102 |
|
|
|a RU
|
| 105 |
|
|
|a a z 001zy
|
| 200 |
1 |
|
|a Воздухоприготовительные установки для воздушных выключателей
|f И. М. Гамус, И. М. Цветов
|
| 205 |
|
|
|a 2-е изд., перераб. и доп.
|
| 210 |
|
|
|a Ленинград
|c Энергоатомиздат
|c Ленингр. отд-ние
|d 1985
|
| 215 |
|
|
|a 183 с.
|c ил.
|
| 320 |
|
|
|a Библиогр.: с. 181
|
| 606 |
1 |
|
|a Электрические подстанции
|2 stltpush
|3 (RuTPU)RU\TPU\subj\27293
|9 51075
|
| 606 |
1 |
|
|a Выключатели воздушные высокого напряжения
|x Эксплуатация
|2 stltpush
|3 (RuTPU)RU\TPU\subj\3871
|9 32213
|
| 610 |
1 |
|
|a высокое напряжение
|
| 610 |
1 |
|
|a сжатый воздух
|
| 610 |
1 |
|
|a пневматические установки
|
| 610 |
1 |
|
|a воздухосборники
|
| 610 |
1 |
|
|a оборудование
|
| 610 |
1 |
|
|a проектирование
|
| 610 |
1 |
|
|a эксплуатация
|
| 610 |
1 |
|
|a выключатели
|
| 610 |
1 |
|
|a масляные выключатели
|
| 610 |
1 |
|
|a осушка
|
| 610 |
1 |
|
|a компрессоры
|
| 610 |
1 |
|
|a расчеты
|
| 675 |
|
|
|a 621.311.4
|v 3
|
| 675 |
|
|
|a 621.316.542.027
|v 3
|
| 700 |
|
1 |
|a Гамус
|b И. М.
|g Исаак Миронович
|
| 701 |
|
1 |
|a Цветов
|b И. М.
|g Исаак Менделеевич
|
| 801 |
|
0 |
|a RU
|b RuMRKP
|c 19950704
|g psbo
|
| 801 |
|
1 |
|a RU
|b 63413507
|c 20141110
|
| 801 |
|
2 |
|a RU
|b 63413507
|c 20170123
|g RCR
|
| 942 |
|
|
|c BK
|